000 00477 a2200169 4500
001 189447
020 _a978-85-7631-161-4
040 _cMagnum
100 _aCorrêa, Luiz Felipe de Seixas
240 1 0 _aO Barão do Rio Branco
_lpor
245 1 0 _aO Barão do Rio Branco
300 _a140
362 0 _a2009
440 1 _aFundação Alexandre de Gusmão
697 _aRELALÇÕES INTERNACIONAIS, POLÍTICA MUNDIAL. POLÍTICA INTERNACIONAL. POLÍTICA EXTERNA
942 _cBK
999 _c189447
_d189447